All countries Denmark ever has owned! - Statistics

General Stats
  • This quiz has been taken 43 times
  • The average score is 6 of 11
Answer Stats
Time country was in Danish control Hint We owned % Correct
1658 - 1719 Denmark held the southern part of this country after many wars between them? Sweden
94%
1537 - 1814 Denmark invaded this country and annexed it under the danish monarch Christian III Norway
89%
1814 - 1918 This country was retained by Denmark at the Treaty of Kiel? Iceland
80%
1620 - 1845 Tranquebar (danish colony) was sold to Great Britain in 1845, where was that colony in? India
74%
1814 - present Originally settled by danish vikings, then later (1814–present) became a part of Denmark Greenland
60%
1755 - 1845 This country was a part of Danish India? Bangladesh
51%
1814 - present This 'country' was a part of Norway, before it got incorporated into Denmark? Faroe Islands
51%
1750 - 1782 Also known as "The Gold Coast" it was used for slave-trading and trading - Later was sold to the United Kingdom in 1782? Ghana
49%
1219 - 1346 This danish area was sold to the Teutonic Order? Estonia
37%
1756 - 1848 Nicobar islands is a part of what country? Indonesia
34%
1666 - 1917 These islands were held for slave-trading. and sugar and territorial expansions? United States (Virgin Islands)
17%
No matching quizzes found
Score Distribution
Percent of People with Each Score
Percentile by Number Answered
Your Score History
You have not taken this quiz